Lectures on the orbit method

Αποθηκεύτηκε σε:
Λεπτομέρειες βιβλιογραφικής εγγραφής
Κύριος συγγραφέας: Kirillov, A. A. (Aleksandr Aleksandrovich) 1936-
Μορφή: Βιβλίο
Γλώσσα:English
Δημοσίευση: Providence, RI : American Mathematical Society, 2004
Σειρά:Graduate studies in mathematics ; ; 64
Θέματα:
Ετικέτες: Προσθήκη ετικέτας
Δεν υπάρχουν, Καταχωρήστε ετικέτα πρώτοι!

MARC

LEADER 00000nam a2200000 i 4500
001 1/68470
008 071218s2004 eng d
020 |a 0-8218-3530-0 
035 |l 10093234 
040 |a GR-MY-UA  |b gre  |e aacr 
041 0 |a eng 
082 0 |a 515.7223  |2 (22) 
100 1 |a Kirillov, A. A.  |q (Aleksandr Aleksandrovich)  |d 1936- 
245 1 0 |a Lectures on the orbit method /  |c A.A. Kirillov 
260 |a Providence, RI :   |b American Mathematical Society,   |c 2004 
300 |a xx, 408 σ.;  |b εικ.;  |c 26 εκ. 
490 1 |a Graduate studies in mathematics  |v ; 64 
504 |a Περιέχει βιβλιογραφικές παραπομπές (σ. 395-402) και ευρετήριο 
650 0 0 |a Orbit method. 
650 0 0 |a Lie groups. 
830 0 |a Graduate studies in mathematics ;  |v ; 64 
852 |a INST  |b SAMOS  |e 20071218  |h 515.7223 KIR  |p 005300027422  |q 005300027422  |t BK  |y 0 
901 |a BIBL3-2007-3 
909 |a Σ  |b 140370 
922 |a 3ΕΛΗ  |b 200711  |c ΕΠΕΑΕΚ2/ΤΜΗΜΑ ΜΑΘΗΜΑΤΙΚΩΝ  |d ΕΛΕΥΘΕΡΟΥΔΑΚΗΣ 
970 |a ΡΟΥΣΣΟΥ  |b ΚΩΝΣΤΑΝΤΙΝΑ  |z 2007/12/18